Holiday Quiz

Random Holiday or Halloween Quiz

Trick or Treat Quiz Stats

Quiz not verified by Sporcle

Various online sweet shops and confectionary review blogs used as source for the sweets. Just type 'Trick' if you think it's magic or 'Treat' if you think it's edible.
Score 0/20 Timer 03:00
0 Plays Today
Name Trick or Treat % Correct
Pay Day???
79.7%
Atomic Fireball???
79.5%
Follow the Leader???
77.3%
Switcheroo???
75%
Metamorphosis???
72.4%
Criss Cross???
68.9%
Second Chance???
68.4%
Spogs???
61.7%
Vampire's Lunch???
60.2%
Color Monte???
58.4%
Name Trick or Treat % Correct
Edinburgh Rock???
54.1%
Triple Threat???
53.1%
Soor Ploom???
52.7%
Flying Saucer???
49.7%
Double Turnover???
49.1%
Black Jacks???
41.1%
Domino Star???
39.5%
Glorpy???
35.7%
French Drop???
28.8%
Vessel in the Fog???
25.9%

You're not logged in!

Compare scores with friends on all Sporcle quizzes.
Sign Up with Email
OR
Log In

You Might Also Like...

Show Comments

Extras

Top Quizzes Today


Score Distribution

Your Account Isn't Verified!

In order to create a playlist on Sporcle, you need to verify the email address you used during registration. Go to your Sporcle Settings to finish the process.